Villes de la Mer Rouge - Statistiques

Statistiques générales
  • Ce quiz a été pris 16 fois
  • Le résultat moyen est 2 sur 15
Statistiques - réponses
Ville Population Pays % Correct
Djeddah 4 697 000 Arabie saoudite
67%
Port Soudan 498 275 Soudan
47%
Suez 744 189 Égypte
47%
Aqabah 95 048 Jordanie
27%
Eilat 52 791 /*
20%
Massaoua 53 090 Érythrée
13%
Charm el-Cheikh 53 658 Égypte
7%
Hurghada 214 247 Égypte
7%
Al Hudaydah 734 699 Yémen
0%
Al Wajh 50 000 Arabie saoudite
0%
Jizan 157 136 Arabie saoudite
0%
Rabigh 45 876 Arabie saoudite
0%
Safaga 55 299 Égypte
0%
Umluj 61 162 Arabie saoudite
0%
Yanbu 331 916 Arabie saoudite
0%
Aucun quiz correspondant
Distribution des résultats
% des personnes avec chaque résultat
Percentile par nombre de réponses
Votre historique - résultats
Vous n’avez pas pris ce quiz